I Wish You Would lyrics - Statistics

General Stats
  • This quiz has been taken 237 times
  • The average score is 394 of 444
Answer Stats
Lyrics % Correct
I
100%
I,
100%
wish
100%
Wish
100%
wish,
100%
You
100%
you
100%
would
99%
would,
99%
a
98%
the
98%
it
96%
It's
96%
it's
96%
back
95%
come
95%
in
95%
we
95%
never
94%
now
94%
all
93%
hear
93%
knew
93%
that
93%
were
93%
We're
93%
where
93%
did
92%
here,
92%
Here
92%
my
92%
up
92%
go
91%
like
91%
right
91%
me
90%
and
89%
And
89%
2
88%
a.m.
88%
for
88%
good
88%
I'd
88%
to
88%
your
87%
but
86%
love
86%
phone
86%
car
85%
how
84%
always
83%
be
83%
could
82%
hung
82%
long
82%
as
81%
This
81%
what
81%
live
80%
mad
80%
mad,
80%
down,
79%
down
79%
everything
79%
forget
79%
say
79%
then
79%
know
77%
past
77%
room
77%
think
76%
too
76%
buttons
75%
window
75%
gave
74%
around
73%
push
73%
run
73%
said
73%
straight
73%
miss
72%
of
72%
anymore
71%
line
71%
Makes
71%
makes
71%
much
71%
fighting
70%
memories
70%
pass
70%
turn
70%
remember
69%
start
69%
are
68%
Windows
68%
don't
67%
nothing
67%
crooked
66%
'cause
63%
drive
63%
hide,
63%
still
63%
street,
63%
ahead
61%
Stand
61%
hate
58%
voice
58%
wanna
57%
dark
53%
made
53%
us
53%
Headlights
52%
stood
52%
pane,
46%
I'm
44%
See
41%
face,
38%
gonna
30%
rushing
30%
Guess
16%
No matching quizzes found
Score Distribution
Percent of People with Each Score
Percentile by Number Answered
Your Score History
You have not taken this quiz